Masters Tournament Champions - Statistics

General Stats
  • This quiz has been taken 689 times
  • The average score is 44 of 77
Answer Stats
Hint Answer % Correct
2005 Tiger Woods
92%
2002 Tiger Woods
92%
2001 Tiger Woods
92%
1997 Tiger Woods
92%
1941 Craig Wood
89%
1986 Jack Nicklaus
88%
1975 Jack Nicklaus
88%
1972 Jack Nicklaus
88%
1966 Jack Nicklaus
88%
1965 Jack Nicklaus
88%
1963 Jack Nicklaus
88%
2010 Phil Mickelson
87%
2006 Phil Mickelson
87%
2004 Phil Mickelson
87%
1964 Arnold Palmer
86%
1962 Arnold Palmer
86%
1960 Arnold Palmer
86%
1958 Arnold Palmer
86%
1978 Gary Player
79%
1974 Gary Player
79%
1961 Gary Player
79%
1996 Nick Faldo
75%
1990 Nick Faldo
75%
1989 Nick Faldo
75%
2013 Adam Scott
72%
1953 Ben Hogan
69%
1951 Ben Hogan
69%
2007 Zach Johnson
68%
2000 Vijay Singh
66%
1983 Seve Ballesteros
64%
1980 Seve Ballesteros
64%
2009 Angel Cabrera
63%
2012 Bubba Watson
63%
1992 Fred Couples
60%
1954 Sam Snead
59%
1952 Sam Snead
59%
1949 Sam Snead
59%
1999 Jose Maria Olazabal
58%
1994 Jose Maria Olazabal
58%
2003 Mike Weir
58%
1993 Bernhard Langer
57%
1985 Bernhard Langer
57%
2011 Charl Schwartzel
55%
1995 Ben Crenshaw
54%
1984 Ben Crenshaw
54%
1987 Larry Mize
54%
1988 Sandy Lyle
53%
2008 Trevor Immelman
53%
1981 Tom Watson
52%
1977 Tom Watson
52%
1991 Ian Woosnam
50%
1998 Mark O'Meara
50%
1979 Fuzzy Zoeller
48%
1942 Byron Nelson
43%
1937 Byron Nelson
43%
1982 Craig Stadler
43%
1935 Gene Sarazen
43%
1976 Raymond Floyd
43%
1936 Horton Smith
37%
1934 Horton Smith
37%
1970 Billy Casper
35%
1950 Jimmy Demaret
29%
1947 Jimmy Demaret
29%
1940 Jimmy Demaret
29%
1971 Charles Coody
26%
1955 Cary Middlecoff
25%
1959 Art Wall, Jr
23%
1967 Gay Brewer
23%
1968 Bob Goalby
22%
1969 George Archer
22%
1973 Tommy Aaron
22%
1956 Jack Burke, Jr
21%
1957 Doug Ford
20%
1948 Claude Harmon
17%
1939 Ralph Guldahl
13%
1938 Henry Picard
12%
1946 Herman Keiser
11%
No matching quizzes found
Score Distribution
Percent of People with Each Score
Percentile by Number Answered
Your Score History
You have not taken this quiz